Central Library OPAC University of Rajshahi

Expropriation in public international law / (Record no. 45619)

MARC details
000 -LEADER
fixed length control field 00811nam a2200241 a 4500
001 - CONTROL NUMBER
control field 45619
003 - CONTROL NUMBER IDENTIFIER
rucl marc code BD-RjUL
005 - DATE AND TIME OF LATEST TRANSACTION
control field 20211209054038.0
008 - FIXED-LENGTH DATA ELEMENTS--GENERAL INFORMATION
fixed length control field 160727s1959 enk 001 0 eng
035 ## - SYSTEM CONTROL NUMBER
System control number (BD-RjUL)45737
040 ## - CATALOGING SOURCE
Original cataloging agency DLC
Transcribing agency IAU
Modifying agency UKM
-- EQO
-- BD-RjUL
Language of cataloging eng
041 ## - LANGUAGE CODE
Language code of text/sound track or separate title eng
082 ## - DEWEY DECIMAL CLASSIFICATION NUMBER
Classification number 333.13
Edition number 23
Author mark and year WOE 1959
100 1# - MAIN ENTRY--PERSONAL NAME
Personal name Wortley, B. A.
9 (RLIN) 139652
245 10 - TITLE STATEMENT
Title Expropriation in public international law /
Statement of responsibility, etc. by B. A. Wortley.
260 ## - PUBLICATION, DISTRIBUTION, ETC. (IMPRINT)
Place of publication, distribution, etc. Cambridge :
Name of publisher, distributor, etc. At the University Press,
Date of publication, distribution, etc. c1959.
300 ## - PHYSICAL DESCRIPTION
Pagination xviii, 169 p. ;
Size 23 cm.
490 ## - SERIES STATEMENT
Series statement Cambridge studies in international and comparative law ;
Volume/sequential designation V.1
504 ## - BIBLIOGRAPHY, ETC. NOTE
Bibliography, etc Includes index.
650 #0 - SUBJECT ADDED ENTRY--TOPICAL TERM
Topical term or geographic name as entry element Eminent domain (International law)
9 (RLIN) 129901
830 #0 - SERIES ADDED ENTRY--UNIFORM TITLE
Uniform title Cambridge studies in international and comparative law ;
Volume number/sequential designation V.1
942 ## - ADDED ENTRY ELEMENTS (KOHA)
Source of classification or shelving scheme Dewey Decimal Classification
Koha item type Books
Holdings
Lost status Source of classification or shelving scheme Damaged status Not for loan Collection code Permanent Location Current Location Shelving location Date acquired Source of acquisition Cost, normal purchase price Total Checkouts Full call number Date last seen Copy number Koha item type Date checked out
  Dewey Decimal Classification   Not For Loan Non-fiction Central Library, University of Rajshahi Central Library, University of Rajshahi Reading Room 17/11/1969 zeitlinger 40.00   333.13 WOE 1959 27/07/2016 C-1 Books  
  Dewey Decimal Classification     Non-fiction Central Library, University of Rajshahi Central Library, University of Rajshahi   17/11/1969 zeitlinger 40.00   333.13 WOE 1959 27/07/2016 C-2 Books  
  Dewey Decimal Classification     Non-fiction Central Library, University of Rajshahi Central Library, University of Rajshahi   17/11/1969 zeitlinger 40.00 1 333.13 WOE 1959 18/04/2022 C-3 Books 17/04/2022